000 01087nam a22002897a 4500
999 _c112122
_d112122
003 dpl
005 20181211120023.0
008 181211b ||||| |||| 00| 0 eng d
010 _aB-196758
020 _c120.00
_a8170167574
035 _aB-196758
035 _aB-196769
037 _bCen Lib/Ret
040 _aDPL
_bHN
_cdpl
082 _a796
_bजयश्री
100 _aजयश्री
_9500
245 _aखिलाडियों के मुख से /
_cजयश्री
246 _akhiladiyon ke mukh se
_bby Jaishree
260 _aनई दिल्ली
_bकिताब घर
_c2006
270 _a24/4855, अंसारी रोड दरिया गंज
_bनई दिल्ली
_e110002
300 _a126पृष्ठ. :
_bचित्र.
_c21सेमी (सजिल्द )
650 _aखेल जगत
_93457
650 _aखिलाडियों-खेल जगत
_946002
650 _aSports
_946003
650 _aPlayers - sport
_946004
942 _2ddc
_cHN
_h796
_mजयश्री